000 00696nam a2200205Ii 4500
003 JO-AjNU
008 230605s9999||||xx |||||||||||||| ||und||
017 _a2013/4/1013
040 _aJO-AjNU
_bara
_erda
_cJO-AjNU
041 _aara
050 1 4 _aNC590 2013
100 3 _aالفالح، ندى,
_eauthor
_951839
245 0 0 _aمبادىء الرسم واللون كيف تتعلمها وتعلمها
264 3 1 _aعمان: وزارة الثقافة، 2013
300 _a320ص
_bصور توضيحية
336 _atext
_btxt
_2rdacontent
337 _aunmediated
_bn
_2rdamedia
338 _avolume
_bnc
_2rdacarrier
650 4 _aالفنون - الرسم واللون - مبادىء
_951840
999 _aA22928
_c26496
_d26496